| 000 | 00697nam a2200229 a 4500 | ||
|---|---|---|---|
| 001 | 000047465 | ||
| 005 | 20201002060544.0 | ||
| 008 | 081204s2005 dr abc 000 0 spa d | ||
| 020 | _a848261732X | ||
| 020 | _a8482618199 | ||
| 040 |
_aDO-SdBNP _bspa _cBNPHU |
||
| 082 |
_a374 _bP927ed, 2005 |
||
| 245 | 0 | 0 |
_aPrepara : _b2do. bachillerato, educación de adultos. |
| 250 | _a3a ed. | ||
| 260 |
_aSanto Domingo : _bSantillana, _c2005. |
||
| 300 |
_a143 p. : _bil., map., retrs. ; _c28 cm. |
||
| 490 | 1 | _aSantillana adultos ; | |
| 590 | _aInventariado, 2018/ YL | ||
| 500 | _aLa biblioteca posee el módulo 3 y 4. | ||
| 650 | 4 |
_aEducación de adultos _91419 |
|
| 830 | 0 |
_aSantillana adultos _91481 |
|
| 999 |
_c46953 _d46953 |
||